25 rokov bankovníctva na Slovensku - vtedy a dnes
Pohľad na priebeh formovania bankového sektora na Slovensku. Transformácia bánk v 90-tych rokoch, ich hlavné problémy v tomto období. Ozdravovanie bankového sektoru v rokoch 1999-2000 a reštrukturalizácia bánk. Krachy bánk. Legislatívne zmeny v rokoch 2001-2009 na čele s riaditeľkou bankovej asociác...
Uložené v:
| Médium: | Kapitola |
|---|---|
| Jazyk: | Slovak |
| Predmet: | |
| Tagy: |
Žiadne tagy, Buďte prvý, kto otaguje tento záznam!
|
MARC
| LEADER | 00000naa a2200000 4500 | ||
|---|---|---|---|
| 001 | 0246463 | ||
| 005 | 20180718102753.5 | ||
| 041 | 0 | |a slo | |
| 044 | |a CZ | ||
| 245 | 1 | 0 | |a 25 rokov bankovníctva na Slovensku - vtedy a dnes |
| 520 | |a Pohľad na priebeh formovania bankového sektora na Slovensku. Transformácia bánk v 90-tych rokoch, ich hlavné problémy v tomto období. Ozdravovanie bankového sektoru v rokoch 1999-2000 a reštrukturalizácia bánk. Krachy bánk. Legislatívne zmeny v rokoch 2001-2009 na čele s riaditeľkou bankovej asociácie Regina Ovesny-Straka. Ďalší vývoj od roku 2009 po súčasnosť. Prínos bánk na Slovensku. | ||
| 610 | 2 | 0 | |a história |
| 610 | 2 | 0 | |a Slovensko |
| 610 | 2 | 0 | |a bankovníctvo |